000 00242nam a2200097Ia 4500
001 764399
005 20250826165302.0
008 250824s9999 xx 000 0 und d
245 0 _aPARSIN GÖZÜ
_cALİ SAÇIKARA
260 _bATLIKARINCA YAYINLARI
999 _c764399
_d764399